Tracklist - BULLY By Ye (Kanye West) - Statistics

General Stats
  • This quiz has been taken 51 times
  • The average score is 8 of 13
Answer Stats
Track Number Song Title % Correct
1. PREACHER MAN
85%
2. BEAUTY AND THE BEAST
82%
3. LAST BREATH
79%
7. ALL THE LOVE
77%
6. BULLY
77%
13. LOSING YOUR MIND
72%
11. CIRCLES
69%
12. DAMN
67%
4. WHITE LINES
59%
9. HIGHS AND LOWS
56%
10. MISSION CONTROL
51%
8. THIS ONE HERE
46%
5. I CAN’T WAIT
28%
No matching quizzes found
Score Distribution
Percent of People with Each Score
Percentile by Number Answered
Your Score History
You have not taken this quiz